000 00650nam a2200229Ia 4500
003 OSt
005 20220923224156.0
006 a|||||r|||| 00| 0
007 ta
008 Pun
024 _a227,523
037 _cTextual
040 _aARTS
_cARTS
_bPun
041 _2Pun
_aPun
082 _aO168,1x, 153N9
100 _aਕੁਲਜੀਤ ਸਿੰਘ
245 0 _aਆਧੁਨਿਕ ਉਰਦੂ ਨਗ਼ਮਾਂ
260 _aਦਿੱਲੀ
_b ਮਨਪ੍ਰੀਤ ਪ੍ਰਕਾFਨ
_c1999
300 _a64ਪੰ
_ccm.
942 _hO168,1x, 153N9
_cTEXL
_2CC
999 _c369742
_d369742